000
00189 a2200085 4500
020
_a
9780262516747
100
_a
Graham Pullin
245
_a
Design Meets Disability
260
_b
MIT Press
_c
2011
999
_c
13338
_d
13338